000 00461nam a2200181Ia 4500
005 20260602115328.0
008 131103s9999 xx 000 0 und d
040 _aLoreto College
041 _aEnglish
082 _a841.08
_bBER
245 _aSpecimens of modern french verse
_cEdited by H.E.Berthon
260 _aLondon
_bMacmillans
_c1920
300 _a316p.
650 _aFrench poetry
700 _aBerthon, H.E; ed.
850 _aLCLIB
942 _cBK
999 _c23955
_d74434